|
|
|
|
| LEADER |
01711nam a2200469 a 4500 |
| 001 |
001204635 |
| 003 |
CZ BrMZK |
| 005 |
20120423140011.0 |
| 007 |
ta |
| 008 |
120405s1992 xr ach e 000 0 cze |
| 015 |
|
|
|a cnb002368852
|
| 020 |
|
|
|q (Brož.)
|
| 035 |
|
|
|a (OCoLC)806199453
|
| 040 |
|
|
|a BOA001
|b cze
|
| 043 |
|
|
|a e-xr---
|b e-xr-zl
|2 czenas
|
| 045 |
|
|
|a w9x9
|
| 072 |
|
7 |
|a 796
|x Sport. Hry. Tělesná cvičení
|2 Konspekt
|9 20
|
| 080 |
|
|
|a 796.034.2:061
|2 MRF
|
| 080 |
|
|
|a 796.034.2(091)
|2 MRF
|
| 080 |
|
|
|a 796.034.2
|2 MRF
|
| 080 |
|
|
|a (437.323)
|2 MRF
|
| 080 |
|
|
|a (082.2)
|2 MRF
|
| 100 |
1 |
|
|a Novotný, Miroslav,
|d 1958-
|7 xx0007888
|4 aut
|
| 245 |
1 |
0 |
|a 100 let Sokola v Uherském Brodě :
|b 1891-1991 /
|c [Miroslav Novotný, Emanuel Němec, Anna Honová]
|
| 246 |
3 |
|
|a Sto let Sokola v Uherském Brodě
|
| 260 |
|
|
|a Uherský Brod :
|b Sokol,
|c 1992
|
| 300 |
|
|
|a 52 s. :
|b il., portréty, faksim. ;
|c 21 cm
|
| 500 |
|
|
|a Název z obálky
|
| 648 |
|
4 |
|a 1891-1991
|
| 648 |
|
4 |
|a 19.-20. stol.
|
| 650 |
0 |
7 |
|a tělovýchovné organizace
|7 ph139190
|z Česko
|y 19.-20. stol.
|2 czenas
|
| 650 |
0 |
7 |
|a dějiny tělovýchovy
|7 ph488976
|z Česko
|y 19.-20. stol.
|2 czenas
|
| 650 |
0 |
7 |
|a sokolské hnutí
|7 ph125828
|z Česko
|y 19.-20. stol.
|2 czenas
|
| 655 |
|
7 |
|a jubilejní publikace
|7 fd131839
|2 czenas
|
| 610 |
2 |
7 |
|a Tělocvičná jednota Sokol Uherský Brod
|7 mzk2012695029
|2 czenas
|
| 651 |
|
7 |
|a Uherský Brod (Česko)
|7 ge131203
|2 czenas
|
| 700 |
1 |
|
|a Němec, Emanuel
|4 aut
|
| 700 |
1 |
|
|a Honová, Anna,
|d 1926-
|7 jo2007416080
|4 aut
|
| 910 |
2 |
|
|a BOA001
|b 2-1283.759
|
| 990 |
|
|
|a BK
|
| 991 |
|
|
|b 201204
|e n
|g g
|
| 996 |
6 |
|
|b 2610508260
|c 2-1283.759
|l MZK
|r Sklad / do 1 hodiny
|n 4
|p p.v.
|w 001239263
|u 000010
|a 1
|e BOA001
|j MZK50
|s P
|